• 首页
  • 本馆介绍
  • 公告通知
  • 最新文献
  • 馆藏检索
  • 电子资源
  • 读者导购
  • 参考咨询
  • 我的图书馆
  • 登录
  • 详细信息显示
  • 放入我的书架
  • 预约/预借图书
  • 作者相关作品
  • 分类相关作品
  • 丛书相关作品
  • 出版社相关作品

书目信息

  • 表格格式
  • 工作单格式
  • 卡片格式
题名:
休闲与旅游调研导论
    
 
作者: 杨明 著
分册:  
出版信息: 北京   中国旅游出版社  2006
页数: 182页
开本: 23cm
丛书名:
单 册:
中图分类: C913.3 , F590
科图分类:
主题词: 闲暇社会学--研究 , 旅游经济学--研究 , 闲暇社会学 , 旅游经济学
电子资源:
ISBN: 7-5032-2845-8
000 01023nam0 2200289 450
001 003166047
005 20091208150232.10
010    @a7-5032-2845-8@dCNY20.00
100    @a20060210d2006 em y0chiy0110 ea
101 0  @achi
102    @aCN@b110000
105    @ay z 000yy
106    @ar
200 1  @a休闲与旅游调研导论@9xiu xian yu lv you diao yan dao lun@dAn introduction to leisure and tourism research@f杨明著@zeng
210    @a北京@c中国旅游出版社@d2006
215    @a182页@d23cm
330    @a本书对休闲与旅游领域中的调查研究进行科学、系统的阐述。从休闲、旅游、调研等一系列学术概念的介绍入手,对调研理论、调研方法论、调研方法、数据分析技术进行了系统的论述。
510 1  @aIntroduction to leisure and tourism research@zeng
606 0  @a闲暇社会学@x研究
606 0  @a旅游经济学@x研究
606 0  @a闲暇社会学
606 0  @a旅游经济学
690    @aC913.3@v4
690    @aF590@v4
701  0 @a杨明@9yang ming@c(旅游规划,@f1979~)@4著
801  0 @aCN@bNLC@c20091208
905    @b20796032-36@dC913.3@e652@f5
    
    休闲与旅游调研导论=An introduction to leisure and tourism research/杨明著.-北京:中国旅游出版社,2006
    182页;23cm
    
    
    ISBN 7-5032-2845-8:CNY20.00
    本书对休闲与旅游领域中的调查研究进行科学、系统的阐述。从休闲、旅游、调研等一系列学术概念的介绍入手,对调研理论、调研方法论、调研方法、数据分析技术进行了系统的论述。
●
相关链接 在E读中查询图书 在五车中查询图书 在当当中查询图书 在豆瓣中查询图书


正题名:休闲与旅游调研导论     索取号:C913.3/652         预约/预借

序号 登录号 条形码 馆藏地/架位号 状态 备注
1 796032   207960321   第一样本阅览室/ [索取号:C913.3/652] 在馆    
2 796033   207960330   第一借阅区/ [索取号:C913.3/652] 在馆    
3 796034   207960349   第一借阅区/ [索取号:C913.3/652] 在馆    
4 796035   207960358   第一借阅区/ [索取号:C913.3/652] 在馆    
5 796036   207960367   密集书库-资源管理系/ [索取号:C913.3/652] 在馆    
唐山师范学院图书馆 欢迎您!
大连网信软件有限公司© 版权所有